Your Identity/ (Record no. 202100)
[ view plain ]
| 000 -LEADER | |
|---|---|
| fixed length control field | 00467nam a22001817a 4500 |
| 005 - DATE AND TIME OF LATEST TRANSACTION | |
| control field | 20240508160852.0 |
| 010 ## - LCCN (DPL NO) | |
| LC control number | ENG-140128, ENG-140129 |
| 020 ## - INTERNATIONAL STANDARD BOOK NUMBER | |
| Terms of availability | 150.00 |
| International Standard Book Number | 9781647608897 |
| 035 ## - SYSTEM CONTROL NUMBER | |
| System control number | EN-123660, EN-123661 |
| 037 ## - SOURCE OF ACQUISITION | |
| Source of stock number/acquisition | DBAD |
| 082 ## - DEWEY DECIMAL CLASSIFICATION NUMBER | |
| Classification number | 881 |
| 100 ## - MAIN ENTRY--PERSONAL NAME | |
| Personal name | Sahoo, Prabhat Kumar |
| 245 ## - TITLE STATEMENT | |
| Title | Your Identity/ |
| Statement of responsibility, etc | By Prabhat Kumar Sahoo |
| 250 ## - EDITION STATEMENT | |
| Edition statement | 1 |
| 260 ## - PUBLICATION, DISTRIBUTION, ETC. (IMPRINT) | |
| Date of publication, distribution, etc | 2020 |
| 300 ## - PHYSICAL DESCRIPTION | |
| Extent | 116p. |
| Dimensions | 21cm(pb) |
| 942 ## - ADDED ENTRY ELEMENTS (KOHA) | |
| Source of classification or shelving scheme | Dewey Decimal Classification |
| Item type | English Books |
| Classification part | 881 |
| Call number suffix | SAH |
| Withdrawn status | Lost status | Not for loan | Collection code | Home library | Current library | Date acquired | Source of acquisition | Cost, normal purchase price | Full call number | Barcode | Copy number | Cost, replacement price | Koha item type |
|---|---|---|---|---|---|---|---|---|---|---|---|---|---|
| Fiction | Ashok Vihar | Ashok Vihar | 10/04/2024 | DBAD | 150.00 | 881 SAH | EN-123660 | 1 | 150.00 | English Books | |||
| Fiction | Shahdara Branch | Shahdara Branch | 10/04/2024 | DBAD | 150.00 | 881 SAH | EN-123661 | 1 | 150.00 | English Books |
